| 000 | 00564nam a2200181Ia 4500 | ||
|---|---|---|---|
| 001 | 7657 | ||
| 005 | 20260306160511.0 | ||
| 008 | 260306t2003||||xx |||||||||||||| ||spa|| | ||
| 041 | _aESP | ||
| 082 |
_a353.484 _bC76 |
||
| 100 |
_aConsejo Nacional de Ciencia y Tecnología. Oficina Regional de Arequipa _eAUT |
||
| 245 | 0 | _aLineamientos estratégicos para el desarrollo de ciencia, tecnología e innovación en la Región Arequipa 2003-2013 | |
| 260 | _c2003 | ||
| 300 |
_a116 páginas : _c23 cm. |
||
| 650 | _aGEN | ||
| 654 | _aCAN | ||
| 942 |
_cLIB _dJUS _fJUS _2ddc _n |
||
| 999 |
_c7657 _d7657 |
||